00967nam a22002777a 45000010005000000030006000050050017000110080041000280200017000690400029000860500017001151000020001322450061001522600038002133000044002514900017002955050008003125200197003205210029005175210021005466500025005676500023005926500021006156500023006367000030006597412FISKH20250714104205.0250714b cb ||||| |||| 00| 0 eng d a046594004505 aFISKHbengcFISKHdFISKH aPZ7.E42845 G aEllerbee, Linda aGirl reporter blows lid off town ! / cBy Linda Ellerbee aNew York : bAvon Books , c2000. a195 pages : billustrations ;c20 cm .  aGet Real v1 aQ  aCasey Smith, an intrepid eleven-year-old journalist, revives her middle school's defunct newspaper and investigates what looks like an environmental pollution cover-up at the local paper mill.8 a660 bLexile estimate 8 aQ bRaz-Plus  aJournalism vFiction aNewspapervFiction aSchoolsvFiction aPollutionvFiction aWeise, CarlaeTypographer